Αθλητισμός και Μάνατζμεντ / Σε Αναζήτηση Κοινής Γλώσσας (Record no. 4595)
[ view plain ]
| 000 -LEADER | |
|---|---|
| fixed length control field | 01703cam a22001934a 4500 |
| 005 - ΗΜΕΡΟΜΗΝΙΑ ΚΑΙ ΩΡΑ ΤΕΛΕΥΤΑΙΑΣ ΕΝΗΜΕΡΩΣΗΣ | |
| Πεδίο ελέγχου | 20250605164150.0 |
| 008 - FIXED-LENGTH DATA ELEMENTS--GENERAL INFORMATION | |
| Πεδίο ελέγχου σταθερού μήκους | 250528s ||||||||||||||||||||||||d |
| 035 ## - SYSTEM CONTROL NUMBER | |
| System control number | 19335 |
| 020 ## - ISBN | |
| ISBN | 9607014316 |
| 040 ## - ΠΗΓΗ ΚΑΤΑΛΟΓΟΓΡΑΦΗΣΗΣ | |
| Φορέας πρωτότυπης καταλογογράφησης | MC Athens Campus Library |
| Γλώσσα καταλογογράφησης | Ελληνικά, Μοντέρνα (1453-) |
| Modifying agency | MC Athens Campus Library |
| Κανόνες περιγραφικής καταλογογράφησης | AACR2 |
| 245 1# - ΤΙΤΛΟΣ ΚΑΙ ΔΗΛΩΣΗ ΥΠΕΥΘΥΝΟΤΗΤΑΣ | |
| Τίτλος | Αθλητισμός και Μάνατζμεντ / Σε Αναζήτηση Κοινής Γλώσσας |
| 260 ## - PUBLICATION, DISTRIBUTION, ETC. | |
| Name of publisher, distributor, etc. | Μέδουσα, |
| Date of publication, distribution, etc. | 1996 |
| 300 ## - PHYSICAL DESCRIPTION | |
| Extent | 168 |
| 520 ## - SUMMARY, ETC. | |
| Summary, etc. | Μελετημένη αξιοποίηση εργαλείων του Management για καυτά θέματα που καθημερινά αντιμετωπίζουν όλοι οι αθλητικοί οργανισμοί και τα σωματεία. Πρόλογος, Εισαγωγή, Ασ Μιλήσουμε για τον Αθλητισμό, Τι είναι το Μάνατζμεντ, Η Ανάγκη για Διοίκηση Αθλητισμού, Η Αθλητική Αγορά, Το Ανταγωνιστικό Πλεονέκτημα των Κρατών στον Αθλητισμό, Στρατηγικός Σχεδιασμός, Η Ομάδα και οι Πελάτες της, Αθλητικά σωματεία σε Κρίση, Διώξτε τον Προπονητή, Πότε αυτό έχει Θετικό Αποτέλεσμα, Φτιάξε ή Αγόρασε, Η Χρήση της Πληροφορικής, Η Ποιότητα στον Αθλητισμό, Ο Θεσμός της Χορηγίας, Διοικητική Κατάρτιση Αθλητικών Παραγόντων, Αντί Επιλόγου, Βιβλιογραφία. |
| 700 1# - ΠΡΟΣΘΕΤΗ ΑΝΑΓΡΑΦΗ--ΦΥΣΙΚΟ ΠΡΟΣΩΠΟ | |
| Personal name | Γιαννόπουλος Κωνσταντίνος Θ |
| 9 (RLIN) | 5583 |
| 942 ## - ADDED ENTRY ELEMENTS (KOHA) | |
| Koha item type | Books |
| Τύπος τεκμηρίου | Βιβλιοθήκη | Τρέχουσα τοποθεσία | Barcode | Αριθμός εισαγωγής | Ημερομηνία απόκτησης | Ταξιθετικό σύμβολο | Αριθμός αντιτύπου | Κατάσταση απόσυρσης | Κατάσταση χαμένου | Κατάσταση κατεστραμμένου | Μη δανεισμός | Σύνολο δανεισμών | Ημερομηνία τελευταίας εμφάνισης | Η τιμή ισχύει από |
|---|---|---|---|---|---|---|---|---|---|---|---|---|---|---|
| Books | MC Athens Campus Library | MC Athens Campus Library | 9780000045942 | 5358 | 05/06/2025 | 796.069 GIA | 1 | 05/06/2025 | 05/06/2025 |